000
00313nam a22001457a 4500
008
210607b ||||| |||| 00| 0 eng d
020
_a
9780878938230
041
_a
eng
080
_2
3rd
_a
573
082
_a
573
100
_a
11
101
_a
BIO
245
_a
Plant Physiology
_c
Lincoln Taiz
942
_2
udc
_c
BK
999
_c
57983
_d
57983